000 00545nam a22002177a 4500
003 UA-OsUOA
001 82220
007 ta
008 20120224b un ||||| |||| 00| 0 ukr d
100 _aШуляр В.
090 _a82
_bШ95
942 _cSA
040 _aUA-OsUOA
_bukr
_cUA-OsUOA
_dUA-OsUOA
245 _aВивчаємо новочасну літературу
300 _aС.8-13
955 _a0
041 _aukr
080 _a82
773 0 _w82219
650 7 _a82 Література. Літературознавство
_2UDC
999 _c368524
_d368524